<?xml version="1.0" encoding="UTF-8"?>
<marc:record xmlns:marc="http://www.loc.gov/MARC21/slim">
   <marc:leader>00000nam a2200000 a 4500</marc:leader>
   <marc:datafield ind1="1" ind2=" " tag="100">
      <marc:subfield code="a">Hilbert, Jörg</marc:subfield>
      <marc:subfield code="4">ctb</marc:subfield>
      <marc:subfield code="e">Mitwirkende/-r</marc:subfield>
   </marc:datafield>
   <marc:datafield ind1="1" ind2=" " tag="100">
      <marc:subfield code="a">Lengwenus, Björn</marc:subfield>
      <marc:subfield code="4">ctb</marc:subfield>
      <marc:subfield code="e">Mitwirkende/-r</marc:subfield>
   </marc:datafield>
   <marc:datafield ind1=" " ind2=" " tag="653">
      <marc:subfield code="a">Schach</marc:subfield>
   </marc:datafield>
   <marc:datafield ind1=" " ind2=" " tag="653">
      <marc:subfield code="a">Softcover</marc:subfield>
   </marc:datafield>
   <marc:datafield ind1=" " ind2=" " tag="653">
      <marc:subfield code="a">Karte</marc:subfield>
   </marc:datafield>
   <marc:datafield ind1=" " ind2=" " tag="653">
      <marc:subfield code="a">Jugendbuch / Spielen / Sonstiges</marc:subfield>
   </marc:datafield>
   <marc:datafield ind1=" " ind2=" " tag="653">
      <marc:subfield code="a">Kindersachbuch</marc:subfield>
   </marc:datafield>
   <marc:datafield ind1=" " ind2=" " tag="653">
      <marc:subfield code="a">Kinderbuch</marc:subfield>
   </marc:datafield>
   <marc:datafield ind1="0" ind2="0" tag="245">
      <marc:subfield code="a">Wie geht Schach?</marc:subfield>
   </marc:datafield>
   <marc:datafield ind1="0" ind2="0" tag="245">
      <marc:subfield code="b">ein Buch für alle, die's wissen wollen</marc:subfield>
   </marc:datafield>
   <marc:datafield ind1="0" ind2="0" tag="245">
      <marc:subfield code="c">Jörg Hilbert (Text und Bilder) ; Björn Lengwenus (Schachdidaktik)</marc:subfield>
   </marc:datafield>
   <marc:datafield ind1=" " ind2="1" tag="264">
      <marc:subfield code="a">München</marc:subfield>
      <marc:subfield code="b">Terzio</marc:subfield>
      <marc:subfield code="c">2005</marc:subfield>
   </marc:datafield>
   <marc:datafield ind1="1" ind2=" " tag="490">
      <marc:subfield code="a">Fritz &amp; fertig</marc:subfield>
   </marc:datafield>
   <marc:datafield ind1="1" ind2=" " tag="520">
      <marc:subfield code="a">Angaben aus der Verlagsmeldung

Fritz &amp; Fertig: Wie geht Schach? : Ein Buch für alle, die's wissen wollen / von Jörg Hilbert, Björn Lengwenus

Die Geschichte und das Lernkonzept der Schachsoftware "Fritz &amp; Fertig - Schach lernen und trainieren" gibt es nun auch als Buch. Die Autoren haben ihr revolutionäres Lernkonzept in eine spannende Erzählung umgesetzt. In die Geschichte von Fritz, Bianca und der Kanalratte Fred Fertig eingebettet, wird hier auf spielerische Weise fundamentales Schachwissen vermittelt. Man erfährt fast beiläufig wie die Figuren zeihen, etwas über das Mattsetzen mit zwei Türmen, Eröffnungsstrategien, Endspiel usw.
</marc:subfield>
   </marc:datafield>
   <marc:datafield ind1=" " ind2=" " tag="020">
      <marc:subfield code="a">9783898357388</marc:subfield>
      <marc:subfield code="9">9783898357388</marc:subfield>
   </marc:datafield>
   <marc:datafield ind1=" " ind2=" " tag="020">
      <marc:subfield code="a">3898357384</marc:subfield>
      <marc:subfield code="9">3898357384</marc:subfield>
   </marc:datafield>
   <marc:datafield ind1=" " ind2=" " tag="041">
      <marc:subfield code="a">ger</marc:subfield>
   </marc:datafield>
   <marc:datafield ind1=" " ind2=" " tag="300">
      <marc:subfield code="a">189 S.</marc:subfield>
   </marc:datafield>
</marc:record>
